|
|
|
|
| LEADER |
00000cam a2200000 7i4500 |
| 001 |
0000067713 |
| 005 |
20161108.0 |
| 008 |
161108 |
| 020 |
|
|
|a 9839915533
|
| 090 |
0 |
0 |
|a 959.5118
|b ZAI
|
| 100 |
1 |
|
|a Zainal Abidin bin Abdul Wahid
|
| 245 |
1 |
0 |
|a Kesultanan melayu Melaka :
|b pentadbiran kuno atau moden
|c Zainal Abidin bin Abdul Wahid
|
| 260 |
|
|
|a Melaka :
|b Institut Kajian Sejarah dan Patriotisme Malaysia (IKSEP) ,
|c 2008
|
| 500 |
|
|
|a Pentadbiran kesultanan melayu Melaka pada abad ke-14
|
| 650 |
|
0 |
|a Melaka (sultanate)
|
| 650 |
|
0 |
|a Melaka
|v history
|
| 999 |
|
|
|a 0001406377
|b Book
|c Adult Collection
|e Cawangan Sri Merlong
|
| 999 |
|
|
|a 0001406378
|b Book
|c Adult Collection
|e Cawangan Muar
|
| 999 |
|
|
|a 0001406379
|b Book
|c Adult Collection
|e Cawangan Segamat
|
| 999 |
|
|
|a 0001406380
|b Book
|c Adult Collection
|e Cawangan Bukit Gambir
|
| 999 |
|
|
|a 0001406381
|b Book
|c Adult Collection
|e Cawangan Mersing
|
| 999 |
|
|
|a 0001406382
|b Book
|c Adult Collection
|e Cawangan Kota Tinggi
|
| 999 |
|
|
|a 0001406383
|b Book
|c Adult Collection
|e Cawangan Taman Sri Lambak
|
| 999 |
|
|
|a 0001406384
|b Book
|c Adult Collection
|e Cawangan Tmn. Ungku Tun Aminah
|
| 999 |
|
|
|a 0001406385
|b Book
|c Adult Collection
|e Cawangan Tangkak
|
| 999 |
|
|
|a 0001406386
|b Book
|c Adult Collection
|e Cawangan Pontian
|
| 999 |
|
|
|a 0001406387
|b Book
|c Adult Collection
|e Cawangan Bandar Penawar
|
| 999 |
|
|
|a 0001406388
|b Book
|c Adult Collection
|e Cawangan Bandar Tenggara
|
| 999 |
|
|
|a 0001406389
|b Book
|c Adult Collection
|e Cawangan Batu Pahat
|
| 999 |
|
|
|a 0001408282
|b Book
|c Adult Collection
|e Perbadanan Perpustakaan Awam Johor
|
| 999 |
|
|
|a 0001408283
|b Book
|c Adult Collection
|e Cawangan Urban Transformation Centre
|
| 999 |
|
|
|a 0001408284
|b Book
|c Adult Collection
|e Cawangan AEON Kulaijaya
|